Online Catalogue and eLibrary

Bagavath geethaiyum thirukuralum (Record no. 3896)

MARC details
000 -LEADER
fixed length control field 00438nam a2200145Ia 4500
005 - DATE AND TIME OF LATEST TRANSACTION
control field 20240618013524.0
008 - FIXED-LENGTH DATA ELEMENTS--GENERAL INFORMATION
fixed length control field 240331s9999 xx 000 0 und d
082 ## - DDC Classification
Item Number - Author Mark GAN
Class No. 891.48
100 ## - MAIN ENTRY--PERSONAL NAME
Personal name Ganesalingan, s
245 #0 - TITLE STATEMENT
Title Bagavath geethaiyum thirukuralum
Statement of responsibility, etc. S. Ganeshalingan
260 ## - PUBLICATION, DISTRIBUTION, ETC.
Place of publication, distribution, etc. Chennai
Name of publisher, distributor, etc. Kumaran Publishers
Date of publication, distribution, etc. 2003
300 ## - PHYSICAL DESCRIPTION
Extent (e.g. Volumes, Pages etc.) 240 p ..,
500 ## - GENERAL NOTE
General note A Comparatives Study of Bhagavath Geeta and Thirukkural in Tamil.
942 ## - Koha item type (Biblio)
Koha item type Books in Stacks (Lending)
Holdings
Lost status Damaged status Collection code Home library Current library Shelving location Date acquired Full call number Accession Number Item type
    Lending WERC Library WERC Library Social Science Cupboard 03/31/2024 891.48 GAN 5846 Books in Stacks (Lending)

© WERC Library